Metropolitan Property Realizations Ltd v Atmore Investments Ltd (Record no. 81137)
[ view plain ]
| 000 -LEADER | |
|---|---|
| fixed length control field | 01942cad a22002295a 4500 |
| 001 - CONTROL NUMBER | |
| control field | L146404 |
| 008 - FIXED-LENGTH DATA ELEMENTS--GENERAL INFORMATION | |
| fixed length control field | 090116e20081128xxk f v 000 0 eng d |
| 035 ## - SYSTEM CONTROL NUMBER | |
| System control number | (Sirsi) u146404 |
| 041 0# - LANGUAGE CODE | |
| Language code of text/sound track or separate title | eng |
| 245 00 - TITLE STATEMENT | |
| Title | Metropolitan Property Realizations Ltd v Atmore Investments Ltd |
| Medium | [electronic resource] |
| 260 ## - PUBLICATION, DISTRIBUTION, ETC. | |
| Date of publication, distribution, etc. | 2008 |
| 520 ## - SUMMARY, ETC. | |
| Summary, etc. | [2008] EWCH 2925 (Ch), 28 November 2008. A rent review award may not be final if the arbitrator does not consider a substantial issue when valuing the property. An applicant tenant of shops with residential flats above them applied to the court for an order to set aside an arbitrator's rent review award in proceedings against the respondent landlord. It argued that the valuation method used by the arbitrator, as submitted by the tenant and accepted by the landlord's surveyor, had not taken into account any profit margin on the on the amounts recoverable from subtenants. Held: application granted. The High Court agreed that there had been a serious irregularity had occurred because the arbitrator failed to consider a basic issue. World Trade Corp Ltd v C Czarnikow Sugar Ltd applied. The arbitrator's decision had resulted in a substantial injustice. Accordingly, the Court ordered that the review be resubmitted to the arbitrator who must reduce the rent award to allow for an appropriate profit margin for the tenant. |
| 590 ## - LOCAL NOTE (RLIN) | |
| Local note | KA NTK |
| 650 24 - SUBJECT ADDED ENTRY--TOPICAL TERM | |
| Topical term or geographic name entry element | ARBITRATION ACT 1996 S 68(2)(D) |
| 650 24 - SUBJECT ADDED ENTRY--TOPICAL TERM | |
| Topical term or geographic name entry element | METROPOLITAN PROPERTY REALIZATIONS LTD V ATMORE INVESTMENTS LTD |
| 650 24 - SUBJECT ADDED ENTRY--TOPICAL TERM | |
| Topical term or geographic name entry element | WORLD TRADE CORP LTD V C CZARNIKOW SUGAR LTD |
| 651 #4 - SUBJECT ADDED ENTRY--GEOGRAPHIC NAME | |
| Geographic name | England and Wales |
| Chronological subdivision | 1543- |
| 690 ## - LOCAL SUBJECT ADDED ENTRY--TOPICAL TERM (OCLC, RLIN) | |
| Topical term or geographic name as entry element | PROPERTY-LANDLORD AND TENANT-TENANCIES-TENANCY RENT REVIEW |
| 690 ## - LOCAL SUBJECT ADDED ENTRY--TOPICAL TERM (OCLC, RLIN) | |
| Topical term or geographic name as entry element | MANAGEMENT-DISPUTE AVOIDANCE, MANAGEMENT AND RESOLUTION-DISPUTE MANAGEMENT AND RESOLUTION-ARBITRATION |
| 856 40 - ELECTRONIC LOCATION AND ACCESS | |
| Uniform Resource Identifier | <a href="https://www.bailii.org/ew/cases/EWHC/Ch/2008/2925.html">https://www.bailii.org/ew/cases/EWHC/Ch/2008/2925.html</a> |
| Public note | View the item free of charge online at www.bailii.org... |
| 942 ## - ADDED ENTRY ELEMENTS (KOHA) | |
| Suppress in OPAC | 0 |
| Withdrawn status | Lost status | Source of classification or shelving scheme | Damaged status | Not for loan | Home library | Current library | Shelving location | Date acquired | Total Checkouts | Full call number | Barcode | Date last seen | Copy number | Price effective from | Koha item type |
|---|---|---|---|---|---|---|---|---|---|---|---|---|---|---|---|
| Dewey Decimal Classification | Virtual | Virtual | Online | 16/01/2009 | ONLINE PUBLICATION | 146404-1001 | 06/08/2019 | 1 | 06/08/2019 | Law report |